000 00485nam a2200145 4500
999 _c7688
_d7688
008 171109b xxu||||| |||| 00| 0 eng d
022 _a01181831
082 _aDPer 613.05 H34 Jul-Nov 2013
100 _923148
_aMariano, Liss.
245 _aSalve for the mind:
_bchoosing a mental health specialist/
_cLiss Mariano.
260 _aPhilippines:
_bMIMS Pte Ltd KDN,
_c©2013.
300 _apages 68-70:
_billustrations;
_c28 cm.
650 0 _923149
_aMental health.
942 _2ddc
_cPER